000 01006nam a22002777a 4500
999 _c6644
_d6644
003 AR-CdUCM
008 190318b ||||| |||| 00| 0 spa d
020 _a84-205-0312-6
040 _aMUNICIPALIDAD PROVINCIAL DEL CUSCO
_cBIBLIOTECA MUNICIPAL DEL CUSCO
041 _heng
082 _a541 /
_bES92
100 _aWeston, Ralph E.
_918685
245 _aCinética Química /
260 _aMadrid :
_bAlhambra,
_c1976.
300 _a340 paginas ;
_btablas, graficos
_c20cm.
440 _aExedra Ciencia Tecnica Ingenieria
_n114
_918686
500 _aFisica - Quimica
505 _aContenido: Parametros de cinetica quimica -- Fuerzas entre atomos -- Colisiones moleculares y reacciones -- Constantes de velocidad -- Reacciones unimoleculares...
650 _aEstudio y enseñanza
_92610
650 _aQuimica fisica
_918687
650 _aProblemas quimicos
_918688
650 _aproblemas, ejercicios
_918689
700 _aMenduiña Fernandez, Carlos
_918690
942 _2ddc
_cLIBROS
945 _apjha